Tunnettuja Sanna nimisiä henkilöitä - Statistics

Yleistilastot
  • Tätä visaa on pelattu 48 kertaa
  • Keskiarvotulos 2 / 11
Vastaustilastot
Vihje Vastaus % Oikein
Pääministeri Sanna Marin
95%
Näyttelijä Sanna Stellan
40%
Toimittaja Sanna Ukkola
36%
Näyttelijä Sanna Saarijärvi
14%
Kansanedustaja Sanna Antikainen
7%
Kenttäratsastaja Sanna Siltakorpi
7%
Näyttelijä Sanna Sepponen
5%
Pituushyppääjä ja kolmiloikkaaja Sanna Nygård
2%
Pesäpalloilija Sanna Alestalo
0%
Muusikko ja lauluntekijä Sanna Klemetti
0%
Jalkapalloilija Sanna Talonen
0%
Ehtoja vastaavia visoja ei löytynyt
Tulosjakauma
Jokaisen tuloksen saaneiden osuus
Persentiili vastausten määrän mukaan
Tuloshistoriasi
Et ole pelannut tätä visaa